000 00338nam a2200145Ia 4500
008 230711s9999||||xx |||||||||||||| ||und||
041 _aENG
082 _a624
_bRA-C
100 _aRaina,VK
245 0 _aConcrete for construction
250 _a1st Ed.
260 _c1999
_aNew York
_bMcGraw Hill
650 _aCivil Engineering
942 _cBK
999 _c658
_d658